00650 2200241 4500001002100000005001700021008004100038035002400079082001200103090001900115100002000134245006000154260004100214300002200255500003100277650002100308850001500329980001300344985000600357999001500363999001500378999001500393YOGYA-0209000004000020090227025616.0 ind  0010-020900000040000 a297.261 a297.261bZar F aZAR, Sirayuddin aFilsafat Islambfilosof dan filsafatnyacSirayuddin Zar aJakartabRaja Grafindo Persadac2007 ax, 270 hlmc21 cm aBibliografi : hlm. 263-267 aIslam - Filsafat aYOPDYOG(B) a10-11-07 a3 a07B0031520 a07B0031521 a07B0031522